Biochemical techniques : a laboratory manual /

Guardado en:
Autor Principal: Strong, Frank Morgan.
Formato: Libro
Idioma:English
Publicado: Minneapolis : Burgess, 1956.
Etiquetas: Agregar Etiqueta
Sin Etiquetas, Sea el primero en etiquetar este registro!
LEADER 00440nam a22001335a 4500
001 EEA.libagro000910
005 20150309112748.0
008 130809s1956####xxua##########000#0#eng#d
082 0 4 |a 574.1928 
100 1 |a Strong, Frank Morgan. 
245 1 0 |a Biochemical techniques :  |b a laboratory manual /  |c by F.M. Strong. 
260 |a Minneapolis :  |b Burgess,  |c 1956. 
300 |a iv, 78 p. :  |b il. ;  |c 28 cm. 
859 |a AR-BbBCA  |b BIB. AGRONOMIA  |h 574.1928  |i S923  |p 1959/0097